[Event "FSV-ch 2010"]
[Site "Dortmund"]
[Date "2010.05.27"]
[Round "6.27"]
[White "Wilkins, Petra"]
[Black "Stabi, Sabrina"]
[Result "1-0"]
[WhiteElo "767"]
[BlackElo "740"]
[PlyCount "71"]
[EventDate "2010.??.??"]

1. d4 d5 2. Nf3 Nc6 3. e3 e6 4. Bd3 Be7 5. O-O Nf6 6. Nbd2 Bd6 7. h3 O-O 8. a3
e5 9. Nxe5 Nxe5 10. dxe5 Bxe5 11. Re1 c6 12. c4 Re8 13. e4 dxe4 14. Bxe4 Nxe4
15. Rxe4 b5 16. Qe2 Qc7 17. Nf3 f6 18. Bf4 Bf5 19. Bxe5 fxe5 20. Rxe5 Bd7 21.
Re1 Kf7 $4 22. Re7+ (22. Ng5+ $3 Kf6 (22... Kg8 23. Rxe8+ Rxe8 24. Qxe8+ Bxe8
25. Rxe8#) (22... Kf8 23. Qf3+ Kg8 24. Qf7+ Kh8 25. Rxe8+ Rxe8 26. Qxe8+ Bxe8
27. Rxe8#) (22... Kg6 23. Qe4+ Kf6 24. Qf4+ Kg6 25. Ne6 Bxe6 26. Rg5+ Kh6 27.
Qh4#) 23. Qf3+ Kg6 24. Qf7+ Kh6 25. R1e4 Rxe5 26. Rh4+ Kxg5 27. Rh5#) 22... Kf8
23. Qe4 (23. Ng5 $1) 23... Qd6 24. Re5 h6 25. Qf4+ Qf6 26. Qd4 Be6 27. Qd6+ Qe7
28. Qxc6 bxc4 29. Rxe6 Rac8 30. Qe4 (30. Rxe7) 30... Rc7 31. Rxe7 Rcxe7 32.
Qf4+ Rf7 33. Qxc4 Rxf3 34. gxf3 (34. Qc5+ $1 Kf7 35. Qh5+ {usw. bis zum Matt})
34... Rxe1+ 35. Kg2 g5 36. Qb4+ 1-0

[Event "FSV-ch 2010"]
[Site "Dortmund"]
[Date "2010.05.27"]
[Round "6.29"]
[White "Saparantzki, Christian"]
[Black "Da Costa, Pablo"]
[Result "0-1"]
[WhiteElo "758"]
[BlackElo "1109"]
[PlyCount "94"]
[EventDate "2010.??.??"]

1. d4 d5 2. Nc3 Nf6 3. e3 Bf5 4. Nf3 Nc6 5. Nh4 Qd7 6. Qf3 g6 7. g3 Ne4 8. Bd3
Qe6 9. Qf4 O-O-O 10. f3 Nf6 11. Bxf5 gxf5 12. Nxf5 h5 13. e4 Nb4 14. Ne3 Bh6
15. Qe5 Bxe3 16. Bxe3 Nxc2+ 17. Kd2 Qxe5 18. dxe5 Nxe3 19. Kxe3 Nh7 20. Nxd5 e6
21. Nf6 Nxf6 22. exf6 e5 23. f4 Rde8 24. Rad1 Rh6 25. fxe5 Rxe5 26. Rhf1 h4 27.
Kf4 Re6 28. e5 hxg3 29. hxg3 Rh2 30. Kf5 (30. Rh1 Rf2+ (30... Rxh1 31. Rxh1)
31. Ke3) 30... Rh5+ 31. Kf4 Rhxe5 32. g4 Re2 33. g5 Rxb2 34. Kf5 Rb5+ 35. Kf4
Ree5 36. Rg1 Rf5+ 37. Ke4 Rxg5 38. Rxg5 Rxg5 39. Rf1 Rg2 40. Rh1 Rg6 41. Kf5
Rg8 42. Rh7 c5 43. Rxf7 c4 44. Rg7 Rf8 45. Kg6 c3 46. f7 Kd7 47. Rg8 Ke7 0-1

[Event "FSV-ch 2010"]
[Site "Dortmund"]
[Date "2010.06.17"]
[Round "7.2"]
[White "Morawietz, Manuel"]
[Black "Raskin, Vitali"]
[Result "1/2-1/2"]
[WhiteElo "1916"]
[BlackElo "1767"]
[PlyCount "112"]
[EventDate "2010.??.??"]

1. e4 e5 2. Nf3 Nc6 3. Bb5 a6 4. Bxc6 dxc6 5. O-O f6 6. d4 Bg4 7. dxe5 Qxd1 8.
Rxd1 fxe5 9. Bg5 Nf6 10. Nbd2 O-O-O 11. Nc4 Bd6 12. Ncxe5 Bxe5 13. Rxd8+ Rxd8
14. Nxe5 Rd1+ 15. Rxd1 Bxd1 16. f3 Bxc2 17. Bxf6 gxf6 18. Ng4 f5 19. Ne3 Bb1
20. a3 fxe4 21. f4 Kd7 22. Kf2 Ke6 23. Nd1 Kf5 24. Ke3 Bc2 25. Nf2 h5 26. b4 b6
27. h3 h4 28. Ng4 c5 29. bxc5 bxc5 30. Ne5 Bb3 31. Nd7 c4 32. Nc5 Bc2 33. Nxa6
Ba4 34. Nb4 c3 35. Na2 c2 36. Nc1 Bb5 37. a4 Bxa4 38. Ne2 c5 39. g4+ hxg3 40.
Nxg3+ Ke6 41. Ne2 Bb5 42. Nc1 Kf5 43. h4 Be8 44. Nb3 Bf7 45. Nc1 Bh5 46. Nb3
Bf3 47. Kd2 Kxf4 48. Kxc2 c4 49. Nc1 e3 50. Kc3 Bd5 51. Kd4 Bf7 52. Ne2+ Kf3
53. Nc3 e2 54. Nxe2 Kxe2 55. Kc3 Ke3 56. h5 Bxh5 1/2-1/2

[Event "FSV-ch 2010"]
[Site "Dortmund"]
[Date "2010.06.17"]
[Round "7.3"]
[White "Kropp, Andreas J"]
[Black "Bommert, Christian"]
[Result "1/2-1/2"]
[WhiteElo "1975"]
[BlackElo "1745"]
[PlyCount "40"]
[EventDate "2010.??.??"]

1. e4 d5 2. exd5 Qxd5 3. Nc3 Qa5 4. Bc4 Nf6 5. d3 c6 6. Nf3 Bg4 7. Qe2 e6 8. h3
Qh5 9. Bf4 Nbd7 10. O-O-O Bxf3 11. gxf3 Be7 12. Rdg1 Qf5 13. Bd2 Nh5 14. Qe4
Qe5 15. d4 Qc7 16. f4 g6 17. Qf3 O-O-O 18. f5 Nb6 19. Bb3 exf5 20. Bxf7 Rxd4
1/2-1/2

[Event "FSV-ch 2010"]
[Site "Dortmund"]
[Date "2010.06.17"]
[Round "7.4"]
[White "Zelt, Jens"]
[Black "Jost, Udo"]
[Result "0-1"]
[WhiteElo "2012"]
[BlackElo "1759"]
[PlyCount "124"]
[EventDate "2010.??.??"]

1. d4 c5 2. c3 e6 3. Nf3 b6 4. Bf4 Nf6 5. e3 Nc6 6. Nbd2 Bb7 7. Bd3 Be7 8. h3
cxd4 9. exd4 O-O 10. O-O Nd5 11. Bh2 f5 12. Bc4 f4 13. Bxd5 exd5 14. Re1 Bd6
15. Qe2 Qf6 16. Ne5 Qf5 17. Qg4 Bxe5 18. dxe5 Nxe5 19. Qxf5 Rxf5 20. Nb3 Ng6
21. Nd4 Rf6 22. f3 Kf7 {(=)} 23. Rad1 a6 24. Kf1 d6 25. Bg1 Ne5 26. Nc2 Bc6 27.
Bd4 Rf5 28. Kg1 Rg5 29. Kh2 a5 30. b3 Rb8 31. Bf2 Rh5 32. Nd4 Bd7 33. Ne2 Rf5
34. Kh1 Be6 35. Rd2 b5 36. Red1 Ng6 37. Nd4 Rh5 38. Bg1 Bd7 39. Bh2 Re8 40. Ne2
Rh4 41. Kg1 Re5 42. Kf2 Be6 43. Rd4 Rf5 44. R1d2 h6 45. a4 bxa4 46. bxa4 Kg8
47. Rb2 Bd7 48. Rb7 Be8 49. Ra7 Ne5 50. Rxa5 Bf7 51. Ra6 g5 52. Rxd6 Nc4 53.
Ra6 Re5 54. Bg1 Re8 55. Ke1 Rb8 56. Bf2 Rh5 57. Rd1 Rb2 58. Bd4 g4 59. fxg4 f3
60. Nf4 Re5+ 61. Bxe5 f2+ 62. Kf1 Ne3# 0-1

[Event "FSV-ch 2010"]
[Site "Dortmund"]
[Date "2010.06.17"]
[Round "7.5"]
[White "Begna, Bozidar"]
[Black "Campana, Rafael"]
[Result "0-1"]
[WhiteElo "1945"]
[BlackElo "1690"]
[PlyCount "72"]
[EventDate "2010.??.??"]

1. e4 c5 2. Nf3 d6 3. Bb5+ Bd7 4. Bxd7+ Qxd7 5. c4 e5 6. d3 Be7 7. Bd2 Na6 8.
a3 Nc7 9. b4 b6 10. Nc3 Nf6 11. O-O O-O 12. Nd5 Nfxd5 13. cxd5 f5 14. Qb3 Bf6
15. a4 f4 16. a5 Rab8 17. axb6 axb6 18. Ra7 g5 19. Bc3 g4 20. Nd2 Kh8 21. Rfa1
Qd8 22. Qa4 cxb4 23. Bxb4 b5 24. Qc2 Ne8 25. Qc6 Bg7 26. Rd7 Qg5 27. Raa7 f3
28. g3 Qh6 29. Nf1 Qh3 30. Ne3 Rf6 31. Rxg7 Nxg7 32. Qd7 Rg6 33. Rb7 Ra8 34.
Bc3 b4 35. Bxb4 Rg8 36. Bc3 Rh6 0-1

[Event "FSV-ch 2010"]
[Site "Dortmund"]
[Date "2010.06.17"]
[Round "7.6"]
[White "Hillebrand, Carsten"]
[Black "Rzoczek, Christoph"]
[Result "1-0"]
[WhiteElo "1857"]
[BlackElo "1527"]
[PlyCount "63"]
[EventDate "2010.??.??"]

1. c4 Nf6 2. g3 c6 3. Bg2 e6 4. Nf3 d5 5. O-O Nbd7 6. b3 Qb6 7. Qc2 Be7 8. d3
Nf8 9. Nbd2 Ng6 10. Bb2 Bd7 11. a3 h5 12. h4 c5 13. e3 Bc6 14. Rac1 Rc8 15. Qb1
Qd8 16. d4 Ne4 17. Rfd1 Nxd2 18. Rxd2 Qa5 19. dxc5 dxc4 20. b4 Qc7 21. Rxc4 Rg8
22. e4 Bf6 23. Nd4 Ne5 24. Rc1 g5 25. Nxc6 Qxc6 26. Rd6 Qb5 27. hxg5 Rxg5 28.
Rcd1 Qe2 29. R6d2 Nf3+ 30. Bxf3 Qxf3 31. Bxf6 Qxf6 32. Qd3 1-0

[Event "FSV-ch 2010"]
[Site "Dortmund"]
[Date "2010.06.17"]
[Round "7.7"]
[White "Stukemeier, Ralf"]
[Black "Reinacher, Detlev"]
[Result "0-1"]
[WhiteElo "1799"]
[BlackElo "1572"]
[PlyCount "70"]
[EventDate "2010.??.??"]

1. e4 d6 2. d4 g6 3. Nc3 Bg7 4. Be3 Nf6 5. Qd2 c6 6. f3 Qc7 7. Nge2 Nbd7 8. Bh6
O-O 9. h4 e5 10. O-O-O b5 11. h5 Nb6 12. dxe5 dxe5 13. Ng3 Be6 14. Nf5 Bxf5 15.
exf5 Rfd8 16. Bd3 Nxh5 17. Rxh5 gxh5 18. Bxg7 Rxd3 19. cxd3 Kxg7 20. Qg5+ Kh8
21. f6 Rg8 22. Qxh5 Rg6 23. Rh1 h6 24. Ne4 Nd5 25. Qf5 Ne3 26. Qh5 Nxg2 27. Qh2
Nf4 28. Kb1 Qd8 29. Rg1 Qxd3+ 30. Ka1 Qxf3 31. Re1 Nd3 32. a3 Nxe1 33. Qxe5
Qd1+ 34. Ka2 Qd5+ 35. Qxd5 cxd5 0-1

[Event "FSV-ch 2010"]
[Site "Dortmund"]
[Date "2010.06.17"]
[Round "7.8"]
[White "Sonntag, Joachim"]
[Black "Milonas, Georgios"]
[Result "1-0"]
[WhiteElo "1783"]
[BlackElo "1505"]
[PlyCount "63"]
[EventDate "2010.??.??"]

1. e4 d5 2. exd5 Qxd5 3. Nc3 Qa5 4. d4 Bf5 5. Nf3 Nf6 6. Bc4 e6 7. O-O Bb4 8.
Bd2 O-O 9. Re1 c6 10. a3 Bxc3 11. Bxc3 Qc7 12. Bb3 h6 13. Bb4 Re8 14. c4 a5 15.
Bd2 Nbd7 16. Rc1 Nb6 17. Ne5 a4 18. Bc2 Bxc2 19. Rxc2 Qd8 20. Be3 Nbd7 21. Qf3
Qe7 22. Nd3 Rac8 23. Ne5 Qd8 24. g4 Qe7 25. g5 Nxe5 26. dxe5 Nd7 27. Qg3 hxg5
28. Bxg5 f6 29. exf6 Nxf6 30. Rc3 Qf7 31. Rf3 Qg6 32. Bxf6 1-0

[Event "FSV-ch 2010"]
[Site "Dortmund"]
[Date "2010.06.17"]
[Round "7.9"]
[White "Dieckmann, Rudolf"]
[Black "Borjini, Faouzi"]
[Result "0-1"]
[WhiteElo "1560"]
[BlackElo "1915"]
[PlyCount "76"]
[EventDate "2010.??.??"]

1. d4 Nf6 2. c4 e5 3. dxe5 Ng4 4. Nf3 Nc6 5. Bg5 Be7 6. Bf4 Bb4+ 7. Nc3 Bxc3+
8. bxc3 Qe7 9. h3 Ngxe5 10. Nxe5 Nxe5 11. Bxe5 Qxe5 12. Qd4 d6 13. c5 O-O 14.
cxd6 cxd6 15. e3 Be6 16. Bd3 Rac8 17. f4 Qa5 18. O-O Qxc3 19. Qe4 g6 20. Rfd1
Bf5 21. Qd5 Bxd3 22. Qxd3 Rfe8 23. Qxd6 Qxe3+ 24. Kh1 Qg3 25. Rd3 Qf2 26. Rd2
Qh4 27. Rad1 Rc6 28. Qd7 Rce6 29. Qd4 Qg3 30. Rg1 Re1 31. Rd1 R1e3 32. Qxa7 Qh4
33. Rgf1 Rxh3+ 34. gxh3 Qxh3+ 35. Kg1 Qg3+ 36. Kh1 Re2 37. Rd8+ Kg7 38. Qd4+
Kh6 0-1

[Event "FSV-ch 2010"]
[Site "Dortmund"]
[Date "2010.06.17"]
[Round "7.10"]
[White "Grube, Jörg"]
[Black "Krüger, Georg"]
[Result "1-0"]
[WhiteElo "1804"]
[BlackElo "1578"]
[PlyCount "61"]
[EventDate "2010.??.??"]

1. e4 c5 2. Nf3 e6 3. d4 cxd4 4. Nxd4 a6 5. Bd3 Qc7 6. Nc3 Nc6 7. Nb3 Nf6 8.
O-O Be7 9. Be3 b5 10. f4 d6 11. a3 Bb7 12. Qe2 O-O 13. g4 Rac8 14. g5 Nd7 15.
f5 Nce5 16. Nd4 Nxd3 17. cxd3 e5 18. f6 exd4 19. fxe7 Rfe8 20. Bxd4 Rxe7 21.
Rf5 Ne5 22. Raf1 Qd7 23. Qe3 a5 24. Ne2 Nxd3 25. Ng3 Ne5 26. Nh5 Qc6 27. R5f4
Nc4 28. Qh3 Ne5 29. Nf6+ gxf6 30. gxf6 Ree8 31. Qh6 1-0

[Event "FSV-ch 2010"]
[Site "Dortmund"]
[Date "2010.06.17"]
[Round "7.11"]
[White "Völler, Lothar"]
[Black "Weischer, Wolfgang"]
[Result "1/2-1/2"]
[WhiteElo "1544"]
[BlackElo "1616"]
[PlyCount "42"]
[EventDate "2010.??.??"]

1. e4 c5 2. d4 cxd4 3. c3 dxc3 4. Nxc3 e6 5. Nf3 Nc6 6. Bc4 a6 7. O-O Nge7 8.
Be3 d6 9. Qe2 Ng6 10. Rfd1 Be7 11. a3 O-O 12. Rac1 Kh8 13. Ba2 e5 14. Nd5 Bg4
15. Nb6 Nf4 16. Bxf4 Qxb6 17. Be3 Bxf3 18. gxf3 Qc7 19. f4 Rac8 20. f5 Bf6 21.
Qd3 Rfd8 {(=)} 1/2-1/2

[Event "FSV-ch 2010"]
[Site "Dortmund"]
[Date "2010.06.17"]
[Round "7.12"]
[White "Skalweit, Wolfgang"]
[Black "Behler, Nils"]
[Result "1/2-1/2"]
[WhiteElo "1377"]
[BlackElo "1768"]
[PlyCount "63"]
[EventDate "2010.??.??"]

1. f4 d5 2. Nf3 c5 3. e3 a6 4. b3 Nf6 5. Bb2 Nc6 6. Be2 g6 7. O-O Bg7 8. Ng5
O-O 9. d3 h6 10. Nf3 b5 11. Ne5 Qb6 12. Kh1 Bb7 13. Bf3 Rad8 14. Qe2 a5 15. Nc3
e6 16. Nd1 h5 17. Nf2 Ne7 18. Nh3 Nh7 19. d4 Nf5 20. Rad1 Ba6 21. Qf2 b4 22.
Rfe1 c4 23. Bc1 Nf6 24. Ng5 c3 25. Be2 Bb7 26. Nd3 Nd7 27. Ne5 Bh6 28. Nxd7
Rxd7 29. Nf3 Bg7 30. Bd3 Nd6 31. Ne5 Rdd8 32. Qg3 1/2-1/2

[Event "FSV-ch 2010"]
[Site "Dortmund"]
[Date "2010.06.22"]
[Round "7.13"]
[White "Gennat, Egon L"]
[Black "Raszelenberg, Patrick"]
[Result "0-1"]
[WhiteElo "1338"]
[BlackElo "1733"]
[PlyCount "78"]
[EventDate "2010.??.??"]

1. Nf3 c5 2. c4 Nc6 3. Nc3 e5 4. e4 g6 5. Bd3 Bg7 6. O-O Nge7 7. Bc2 d6 8. h3
Be6 9. d3 Rb8 10. a3 a6 11. Rb1 b5 12. b3 O-O 13. Be3 b4 14. axb4 Nxb4 15. Qd2
Nxc2 16. Qxc2 h6 17. Nh2 g5 18. Ne2 f5 19. exf5 Nxf5 20. Bd2 Qd7 21. Ra1 Ra8
22. Ra5 Nh4 23. g4 Nf3+ 24. Kh1 e4 25. Bc3 Nxh2 26. Kxh2 Rf3 27. Ng1 Rxd3 28.
Bxg7 Kxg7 29. Ra2 d5 30. Ne2 Qd6+ 31. Ng3 Rf8 32. Kg1 Rff3 33. Kg2 Rxg3+ 34.
fxg3 Qxg3+ 35. Kh1 Qxh3+ 36. Kg1 Rg3+ 37. Kf2 Rg2+ 38. Ke1 Qe3+ 39. Kd1 Bxg4+
0-1

[Event "FSV-ch 2010"]
[Site "Dortmund"]
[Date "2010.06.17"]
[Round "7.14"]
[White "Tautz, Eugen"]
[Black "Volmer, Martin"]
[Result "1-0"]
[WhiteElo "1397"]
[BlackElo "1680"]
[PlyCount "59"]
[EventDate "2010.??.??"]

1. c4 e5 2. Nc3 Nf6 3. d3 d5 4. cxd5 Nxd5 5. e4 Nxc3 6. bxc3 c5 7. Nf3 Nc6 8.
Be2 Be7 9. Qa4 O-O 10. Be3 a6 11. Rb1 Rb8 12. O-O b5 13. Qc2 Be6 14. Rfd1 Qc8
15. d4 exd4 16. cxd4 Nb4 17. Qd2 Bxa2 18. Rxb4 cxb4 19. Qxa2 Qb7 20. d5 Rfc8
21. Ne5 Rc3 22. Nc6 Re8 23. Bd4 Ra3 24. Qb2 Bf8 25. f3 a5 26. Ra1 Rxa1+ 27.
Qxa1 a4 28. Qf1 b3 29. Bxb5 a3 30. Na5 1-0

[Event "FSV-ch 2010"]
[Site "Dortmund"]
[Date "2010.06.17"]
[Round "7.15"]
[White "Beckers, Jürgen"]
[Black "Dite, Alexander"]
[Result "0-1"]
[WhiteElo "1329"]
[BlackElo "1617"]
[PlyCount "38"]
[EventDate "2010.??.??"]

1. e4 c6 2. d4 d5 3. e5 c5 4. Bb5+ Bd7 5. Bxd7+ Nxd7 6. c3 e6 7. Nf3 Ne7 8. O-O
Nf5 9. Qb3 Qc7 10. Re1 Be7 11. Qc2 cxd4 12. Qd3 dxc3 13. Nxc3 O-O 14. g4 Nh4
15. Bf4 Nxf3+ 16. Qxf3 a6 17. Rac1 Qd8 18. Be3 Nxe5 19. Qf4 Nd3 0-1

[Event "FSV-ch 2010"]
[Site "Dortmund"]
[Date "2010.06.17"]
[Round "7.16"]
[White "Gerke, Dieter"]
[Black "Maffei, Hendrik"]
[Result "*"]
[WhiteElo "1510"]
[BlackElo "1311"]
[PlyCount "45"]
[EventDate "2010.??.??"]

1. e4 g6 2. d4 Bg7 3. Nf3 d6 4. Be3 Bg4 5. Bd3 c5 6. c3 Qb6 7. Qa4+ Nd7 8. dxc5
Qc7 9. Nbd2 Ngf6 10. cxd6 exd6 11. Bf4 O-O 12. Nc4 Nc5 13. Qc2 Nfxe4 14. Nd4
Rfe8 15. O-O Nxd3 16. Qxd3 Rad8 17. Rae1 Nc5 18. Rxe8+ Rxe8 19. Qg3 Ne4 20. Qd3
Qe7 21. Nb5 Nxf2 22. Kxf2 Be2 {
Was hier nun genau geschah, wurde nicht mehr korrekt aufgezeichnet. Vermutlich}
23. Qxd6 {Das Ergebnis ist unsicher.} *

[Event "FSV-ch 2010"]
[Site "Dortmund"]
[Date "2010.06.17"]
[Round "7.17"]
[White "Strotmann, Dieter"]
[Black "Benke, Werner"]
[Result "0-1"]
[WhiteElo "1214"]
[BlackElo "1525"]
[PlyCount "62"]
[EventDate "2010.??.??"]

1. Nf3 Nf6 2. g3 g6 3. Bg2 Bg7 4. b3 O-O 5. Bb2 c5 6. c4 Nc6 7. O-O d6 8. Nc3
e6 9. Re1 a6 10. e3 Bd7 11. d4 cxd4 12. exd4 Ne7 13. Re2 Qc7 14. Rc2 Rac8 15.
Ne1 Nc6 16. a3 Rfe8 17. d5 Ne7 18. dxe6 fxe6 19. Qd2 Bc6 20. Qe2 Nf5 21. Nf3
Bxf3 22. Bxf3 Nd4 23. Qd1 Nxc2 24. Qxc2 b5 25. Be2 bxc4 26. Bxc4 Qb6 27. Re1 d5
28. Nxd5 Nxd5 29. Bxg7 Kxg7 30. Qb2+ Nf6 31. g4 Rxc4 0-1

[Event "FSV-ch 2010"]
[Site "Dortmund"]
[Date "2010.06.17"]
[Round "7.18"]
[White "Herrmann, Rudolf"]
[Black "Raabe, Hans-Ulrich"]
[Result "1/2-1/2"]
[WhiteElo "1228"]
[BlackElo "1424"]
[PlyCount "96"]
[EventDate "2010.??.??"]

1. d4 Nf6 2. Nf3 g6 3. Bg5 Bg7 4. c4 O-O 5. Nc3 d6 6. h3 c5 7. d5 Qa5 8. Qa4
Qxa4 9. Nxa4 h6 10. Bd2 Ne4 11. Bc3 Bd7 12. Bxg7 Kxg7 13. Nc3 Nxc3 14. bxc3 Ba4
15. e3 Nd7 16. Be2 f6 17. O-O Rad8 18. Rab1 b6 19. Bd1 Bxd1 20. Rfxd1 g5 21. a4
Rb8 22. Rb2 Kf7 23. Ra1 Ne5 24. Nxe5+ fxe5 25. e4 Kf6 26. Rab1 Kf7 27. a5 Kf6
28. axb6 axb6 29. Rxb6 Rxb6 30. Rxb6 Ra8 31. Rb3 Ra4 32. f3 h5 33. h4 g4 34.
Kf2 Rxc4 35. Kg3 gxf3 36. gxf3 Ra4 37. Rb1 Ra3 38. Rc1 Ra4 39. c4 Rb4 40. Kg2
Kf7 41. Kg3 Rb2 42. Kh3 Ke8 43. Kg3 Rb4 44. Rc3 Kf7 45. Rc1 Rb3 46. Kg2 Ke8 47.
Kg3 Kd7 48. Ra1 Ke8 1/2-1/2

[Event "FSV-ch 2010"]
[Site "Dortmund"]
[Date "2010.06.17"]
[Round "7.19"]
[White "Pfeffer, Josef"]
[Black "Haufe, Sven"]
[Result "0-1"]
[WhiteElo "1201"]
[BlackElo "1397"]
[PlyCount "74"]
[EventDate "2010.??.??"]

1. e3 d5 2. d4 e6 3. Nf3 Nf6 4. Be2 c5 5. dxc5 Bxc5 6. O-O O-O 7. b3 Nc6 8. Ba3
Bxa3 9. Nxa3 a6 10. Nb1 b5 11. c3 Ne4 12. Nfd2 Nf6 13. Nf3 Bb7 14. Nbd2 Rc8 15.
Nd4 Ne5 16. Rc1 Qa5 17. b4 Qb6 18. N4b3 Ned7 19. Nf3 Rc7 20. Qd4 Rfc8 21. Qxb6
Nxb6 22. Nc5 Nfd7 23. Nxb7 Rxb7 24. Rc2 Rbc7 25. Rfc1 Na4 26. Ne1 Rxc3 27. Kh1
Rxc2 28. Rxc2 Rxc2 29. Nxc2 Nc3 30. Bf1 Nxa2 31. f4 f6 32. g3 Kf7 33. Kg1 e5
34. Bh3 Ke7 35. Kf2 g6 36. Ke1 Nb6 37. Bc8 Nxc8 0-1

[Event "FSV-ch 2010"]
[Site "Dortmund"]
[Date "2010.06.17"]
[Round "7.20"]
[White "Vogt, Christian"]
[Black "Tekin, Baran"]
[Result "1/2-1/2"]
[WhiteElo "1393"]
[BlackElo "1269"]
[PlyCount "20"]
[EventDate "2010.??.??"]

1. d4 Nf6 2. Bg5 g6 3. Bxf6 exf6 4. e3 Bg7 5. c4 O-O 6. g3 Re8 7. Bg2 f5 8. Ne2
c5 9. O-O Qb6 10. b3 Nc6 {(=)} 1/2-1/2

[Event "FSV-ch 2010"]
[Site "Dortmund"]
[Date "2010.06.17"]
[Round "7.21"]
[White "Wangrin, Stefan A"]
[Black "Kirmes, Hans-Uwe"]
[Result "1/2-1/2"]
[WhiteElo "1063"]
[BlackElo "1338"]
[PlyCount "108"]
[EventDate "2010.??.??"]

1. e4 c5 2. c4 Nc6 3. Nf3 g6 4. d4 cxd4 5. Nxd4 Bg7 6. Nxc6 bxc6 7. Bd3 e6 8.
Nc3 Ne7 9. Bf4 O-O 10. Qd2 Re8 11. Bd6 Bb7 12. c5 Nc8 13. e5 Nxd6 14. exd6 Rb8
15. Rb1 Qa5 16. b4 Qa3 17. Rb3 Bxc3 18. Rxa3 Bxd2+ 19. Kxd2 Ra8 20. Ba6 Bxa6
21. Rxa6 Reb8 22. Rb1 Rb7 23. f4 f6 24. Rb3 Kf8 25. g4 Kf7 26. a3 h6 27. Rh3
Kg7 28. Kd3 g5 29. f5 exf5 30. gxf5 Re8 31. Re3 Re5 32. Rxe5 fxe5 33. Ke4 Kf6
34. h3 h5 35. Ra4 g4 36. hxg4 hxg4 37. b5 cxb5 38. Rb4 a5 39. Rb3 b4 40. a4 Rb8
41. Kd5 Rc8 42. Rb1 Kxf5 43. Rf1+ Kg5 44. Rf7 g3 45. Rxd7 Kf4 46. Rf7+ Kg4 47.
d7 Rd8 48. c6 g2 49. Rg7+ Kf3 50. Rf7+ Ke2 51. Rg7 Kf1 52. Rf7+ Ke2 53. Rg7 Kf1
54. Rf7+ Ke2 1/2-1/2

[Event "FSV-ch 2010"]
[Site "Dortmund"]
[Date "2010.06.17"]
[Round "7.22"]
[White "Krüger, Inge"]
[Black "Schlepütz, Volker"]
[Result "1/2-1/2"]
[WhiteElo "1307"]
[BlackElo "1152"]
[PlyCount "91"]
[EventDate "2010.??.??"]

1. d4 d5 2. c4 dxc4 3. Nf3 Nf6 4. Nc3 Nc6 5. e3 e6 6. Bxc4 a6 7. a4 Bb4 8. O-O
Na5 9. Be2 O-O 10. Na2 Nc6 11. Nxb4 Nxb4 12. b3 Bd7 13. Ba3 a5 14. Ne5 Ne4 15.
Qc1 Rc8 16. Qb2 f6 17. Nxd7 Qxd7 18. Bc4 c6 19. Rfd1 b5 20. axb5 cxb5 21. Bxb4
axb4 22. Be2 Nc3 23. Rdc1 Nxe2+ 24. Qxe2 Rc3 25. Rcb1 Rfc8 26. Qd2 Qd5 27. Qd1
Qf5 28. Rc1 Rc2 29. Rxc2 Rxc2 30. Qf1 Rb2 31. Rc1 Rxb3 32. Rc5 Qe4 33. h3 Rb1
34. Rc1 Rxc1 35. Qxc1 Qd5 36. Kf1 Qc4+ 37. Qxc4 bxc4 38. Ke2 Kf7 39. Kd2 Ke7
40. e4 Kd6 41. f4 g6 42. g4 e5 43. dxe5+ fxe5 44. f5 Ke7 45. h4 gxf5 46. gxf5
1/2-1/2

[Event "FSV-ch 2010"]
[Site "Dortmund"]
[Date "2010.06.17"]
[Round "7.24"]
[White "Wickenfeld, Udo"]
[Black "Riepe, Markus"]
[Result "1-0"]
[WhiteElo "1231"]
[BlackElo "852"]
[PlyCount "29"]
[EventDate "2010.??.??"]

1. d4 Nf6 2. Nf3 e6 3. c4 b6 4. Nc3 d5 5. cxd5 exd5 6. Bg5 h6 7. Bh4 g5 8. Bg3
Bd7 9. e3 Ne4 10. Nxe4 dxe4 11. Ne5 Be6 12. Bc4 Bd6 13. Bxe6 fxe6 14. Qh5+ Kf8
15. Qf7# 1-0

[Event "FSV-ch 2010"]
[Site "Dortmund"]
[Date "2010.06.17"]
[Round "7.27"]
[White "Da Costa, Pablo"]
[Black "Reker, Gerhard"]
[Result "1-0"]
[WhiteElo "1109"]
[BlackElo "758"]
[PlyCount "23"]
[EventDate "2010.??.??"]

1. e4 e5 2. Nf3 Nc6 3. Bc4 Nf6 4. d3 Bc5 5. Ng5 d5 6. exd5 Nxd5 7. O-O O-O 8.
Qf3 Be6 9. a3 Nf4 10. Bxf4 exf4 11. Qe4 $2 (11. Nxe6 fxe6 12. Bxe6+ Kh8 13. Qd5
Qxd5 14. Bxd5 Nd4 15. b4 Bd6 16. Ra2 c6 17. Be4 {
und das Endspiel ist fuer Weiss mit etwas Routine beinahe schon gewonnen.})
11... Bxc4 $4 12. Qxh7# 1-0

[Event "FSV-ch 2010"]
[Site "Dortmund"]
[Date "2010.06.24"]
[Round "8.1"]
[White "Raskin, Vitali"]
[Black "Lindam, Ingo"]
[Result "0-1"]
[WhiteElo "1767"]
[BlackElo "2039"]
[PlyCount "44"]
[EventDate "2010.??.??"]

1. d4 Nf6 2. c4 e5 3. dxe5 Ng4 4. Nf3 Bc5 5. e3 Nc6 6. a3 a5 7. Nc3 O-O 8. Ne4
Ba7 9. h3 Ngxe5 10. Nxe5 Nxe5 11. b4 Qh4 12. Qc2 d5 13. Ng3 dxc4 14. Nf5 Qf6
15. Nd4 Bxd4 16. exd4 Nc6 17. Bb2 Nxd4 18. Qxc4 Nf3+ 19. gxf3 Qxb2 20. Rc1 Re8+
21. Kd1 Be6 22. Rc2 Rad8+ 0-1

[Event "FSV-ch 2010"]
[Site "Dortmund"]
[Date "2010.06.24"]
[Round "8.2"]
[White "Bommert, Christian"]
[Black "Lauche, Christoph"]
[Result "1-0"]
[WhiteElo "1745"]
[BlackElo "1913"]
[PlyCount "83"]
[EventDate "2010.??.??"]

1. b4 e6 2. Bb2 Qh4 3. a3 f5 4. Nf3 Qh6 5. c4 Nf6 6. Nc3 Be7 7. e3 O-O 8. g3 b6
9. Bg2 Bb7 10. d4 d6 11. Ne2 g5 12. h3 Nbd7 13. Qd3 Ne4 14. d5 e5 15. Nd2 Nxd2
16. Kxd2 e4 17. Qb3 Ne5 18. Raf1 c6 19. Nd4 cxd5 20. cxd5 Rac8 21. Nc6 Bf6 22.
Bd4 Kh8 23. b5 Qg7 24. g4 Qf7 25. gxf5 Bxc6 26. bxc6 Rxc6 27. Bxe4 Nc4+ 28. Kd3
Re8 29. Bxf6+ Qxf6 30. dxc6 Rxe4 31. Qc3 Nb2+ 32. Kd2 Nc4+ 33. Kc2 Re5 34. e4
b5 35. a4 a6 36. axb5 axb5 37. Ra1 Qf8 38. h4 Kg8 39. hxg5 Rc5 40. Qb3 Qf7 41.
Ra8+ Kg7 42. Rxh7+ 1-0

[Event "FSV-ch 2010"]
[Site "Dortmund"]
[Date "2010.06.24"]
[Round "8.3"]
[White "Jost, Udo"]
[Black "Kropp, Andreas J"]
[Result "0-1"]
[WhiteElo "1759"]
[BlackElo "1975"]
[PlyCount "140"]
[EventDate "2010.??.??"]

1. e4 Nf6 2. d3 d5 3. e5 Nfd7 4. f4 e6 5. Nf3 Be7 6. a3 f6 7. Nd4 Nb6 8. Qg4
Kf7 9. Nc3 Nc6 10. Nf3 f5 11. Qh3 g6 12. d4 Bd7 13. Bd3 h5 14. Nd1 a6 15. b3
Qf8 16. Bb2 Qh6 17. Nf2 Na5 18. Bc3 Nc6 19. Bd2 Qf8 20. c4 a5 21. c5 Nc8 22.
Rc1 N6a7 23. O-O a4 24. b4 Qe8 25. Ng5+ Bxg5 26. fxg5 Bb5 27. Bxb5 Nxb5 28. Qd3
Qc6 29. Nh3 Qa6 30. Nf4 Ne7 31. Rf3 Rhg8 32. Rh3 Nc6 33. Be3 Rad8 34. Rf1 Nb8
35. Bc1 Na7 36. Qd1 Rh8 37. Bb2 Qc6 38. Rh4 b5 39. Rf3 Qd7 40. Rfh3 Rdg8 41.
Qf1 Qd8 42. Bc1 Nbc6 43. Be3 Qe8 44. Rf3 Kg7 45. Qd3 Nd8 46. Ne2 Nf7 47. h3 Qe7
48. Qd2 Rb8 49. Kf2 Nc6 50. Ke1 Qd7 51. g3 Kf8 52. Bf4 Ke7 53. Qe3 Qd8 54. Nc3
Kd7 55. Rf2 Qe7 56. Rd2 Ncd8 57. Qe2 Nxg5 58. Bxg5 Qxg5 59. Qf2 Nf7 60. Rf4 c6
61. h4 Qe7 62. Qh2 Nh6 63. Ne2 Ng4 64. Qh3 g5 65. Rf3 Rbg8 66. hxg5 Qxg5 67.
Nf4 h4 68. gxh4 Rxh4 69. Qg3 Nxe5 70. Qxg5 Nxf3+ 0-1

[Event "FSV-ch 2010"]
[Site "Dortmund"]
[Date "2010.06.24"]
[Round "8.5"]
[White "Reinacher, Detlev"]
[Black "Sonntag, Joachim"]
[Result "0-1"]
[WhiteElo "1572"]
[BlackElo "1783"]
[PlyCount "54"]
[EventDate "2010.??.??"]

1. Nf3 Nf6 2. d3 d5 3. g3 Nc6 4. Bg2 e5 5. c3 Bc5 6. b4 Bd6 7. Bb2 a6 8. Nbd2
O-O 9. Qc2 Re8 10. e4 d4 11. a3 dxc3 12. Bxc3 Be6 13. O-O Qd7 14. Rfd1 Bh3 15.
Qb2 Bxg2 16. Kxg2 Qe7 17. Nc4 b5 18. Ne3 h6 19. Re1 Rad8 20. Nd5 Qe6 21. Nxf6+
Qxf6 22. Rac1 Re6 23. d4 exd4 24. Nxd4 Nxd4 25. Bxd4 Qg6 26. e5 Be7 27. Rxc7
Qd3 {und Weissm gab auf. Warum???} 0-1